| 000 | 00836nam a22002537a 4500 | ||
|---|---|---|---|
| 003 | DO-SdBNP | ||
| 005 | 20221114130035.0 | ||
| 007 | ta | ||
| 008 | 221114b2018 dr ||||| |||| 00| 0 spa d | ||
| 020 | _a9789945580655 | ||
| 040 |
_aDO-SdBNP _bspa _cBNPHU |
||
| 082 | 4 | _222 | |
| 100 | 1 |
_aPadilla Maldonado, Yudelka Maribel _982815 |
|
| 245 | 1 | 4 |
_aLos contratos y las garantías / _cYudelka Maribel Padilla Maldonado ; editor Lennys Tejada Betancourt |
| 260 |
_aSantiago de los Caballeros, República Dominicana : _bUAPA, _c2018. |
||
| 300 |
_a225 p. ; _c27 cm. |
||
| 490 | 1 |
_aAprendizaje _v11 |
|
| 500 | _aIncliuye datos biográficos del autora en la contracubierta | ||
| 590 | _aInventariado, 2022/BT | ||
| 700 | 1 |
_aTejada Betancourt, Lennys _979591 |
|
| 830 |
_aAprendizaje _n11 _982816 |
||
| 910 | _aBtavárez | ||
| 942 |
_2ddc _cLBS1 |
||
| 999 |
_c52909 _d52909 |
||